000 00265nam a22001217a 4500
008 171226b xxu||||| |||| 00| 0 eng d
041 _aeng
080 _a573
100 _a11
101 _aBIO
245 _aFUTURE HUMAN EVOLUTION
_cJOHN,C
942 _2udc
_cBK
999 _c39422
_d39422